000 01233nam a2200337 a 4500
003 AR-BaBNM
005 20251128203756.0
008 082120s2002 ||||||||||||||000 | spa||
040 _cAR-BaBNM
100 1 _aHolmes, Maurice
245 0 0 _aLa escuela comprensiva en acción
260 _aBuenos Aires
_bEl Ateneo
_c1972
300 _a142 p.
490 0 _aBiblioteca Nuevas Orientaciones de la Educación. Problemas de la educación media y superior
500 _aContiene índice temático
500 _aSegún el autor la escuela comprensiva es la que incluye a varones y niñas adolescentes de edad correspondiente a la enseñanza secundaria y que posean un nivel de capacidad que les permita educarse en una institución común
650 4 _aORGANIZACION ESCOLAR
650 4 _aPLANES EDUCACIONALES
650 4 _aCURRICULO
650 4 _aASOCIACIONES DE PADRES
650 4 _aASOCIACIONES DE DOCENTES
650 4 _aRELACION ESCUELA-COMUNIDAD
650 4 _aAMBIENTE EDUCACIONAL
651 4 _aReino Unido
653 _aEDUCACION SECUNDARIA
700 1 _aLeal, Aníbal C.
_etraductor
700 1 _aBillino, Ana María
_erevisión
800 1 _aMárquez, Angel Diego
_edirector
942 _cBK
998 _csilvi
999 _c4894
_d4894